Stigma undermines regenerated estates (Record no. 64986)

MARC details
000 -LEADER
fixed length control field 00747cam a2200193 4500
001 - CONTROL NUMBER
control field WB3641-13
008 - FIXED-LENGTH DATA ELEMENTS--GENERAL INFORMATION
fixed length control field 000000n2000 000 0 eng u
035 ## - SYSTEM CONTROL NUMBER
System control number (Sirsi) u108846
245 ## - TITLE STATEMENT
Title Stigma undermines regenerated estates
260 ## - PUBLICATION, DISTRIBUTION, ETC.
Date of publication, distribution, etc. 2000
490 ## - SERIES STATEMENT
Series statement Housing Today
Volume/sequential designation (205) 12 October 2000, 6(1)
520 ## - SUMMARY, ETC.
Summary, etc. According to the Joseph Rowntree Foundations's "Challenging images: housing estates, stigma and regeneration" study of three stigmatised estates in Birmingham, Newcastle and Edinburgh, unpopular estates are still labelled problem areas despite attempts to regenerate them.
590 ## - LOCAL NOTE (RLIN)
Local note WB
650 ## - SUBJECT ADDED ENTRY--TOPICAL TERM
Topical term or geographic name entry element HOUSING ESTATES
650 ## - SUBJECT ADDED ENTRY--TOPICAL TERM
Topical term or geographic name entry element INNER CITIES
650 ## - SUBJECT ADDED ENTRY--TOPICAL TERM
Topical term or geographic name entry element BLIGHT
690 ## - LOCAL SUBJECT ADDED ENTRY--TOPICAL TERM (OCLC, RLIN)
Topical term or geographic name as entry element Affordable housing
9 (RLIN) 6215
942 ## - ADDED ENTRY ELEMENTS (KOHA)
Suppress in OPAC 0
Holdings
Withdrawn status Lost status Source of classification or shelving scheme Damaged status Not for loan Home library Current library Shelving location Date acquired Total Checkouts Full call number Barcode Date last seen Copy number Price effective from Koha item type
    Dewey Decimal Classification     London London News article 18/10/2000   WB3641-13 108846-1001 06/08/2019 1 06/08/2019 News article